| 000 | 00370nam a22001457a 4500 | ||
|---|---|---|---|
| 008 | 250604b |||||||| |||| 00| 0 eng d | ||
| 020 | _a9789352697083 | ||
| 050 |
_aQL 955 _b.B35 |
||
| 100 | _aBalwan wahied khawar | ||
| 245 | _aDevelopmental biology | ||
| 260 |
_aNew Delhi _bRandom publication limited _c2021 |
||
| 300 | _a269p | ||
| 650 | _aEmbryology | ||
| 942 | _cBK | ||
| 999 |
_c3789 _d3789 |
||